000 01345cam a22002174a 4500
005 20250605163935.0
008 250528s ||||||||||||||||||||||||d
035 _a14834
020 _a803936427
040 _aGR-AtMCL
_bgre
_dGR-AtMCL
_eAACR2
245 1 _aQuestioning the Media / A Critical Introduction
260 _bSage Publications,
_c1990
300 _a386
520 _aA high quality challenge to students and others to rethink what they know about media in their daily lives. Chronology of Communications Media, Acknowledgements, Introductory Perspectives: Culture and History and Technology, Forms of Media as Ways of Knowing, Media and Power and Control, Audience and Users, Alternative Media and the Boston Tea Party, Information Technologies, Computers and Communication, Mass Culture and Popular Culture, Feminist Perspectives on Popular Culture, Racism and the American Way of Media, Cultural Imperialism and Cultural Identity, The Production of T.V. News, U.S. Media Covers the World, Popular Music and Mass Control, Cinema and Communication, Myths In and About Television, Sport and the Spectacle, Epilogue, Glossary, References, About the Authors.
700 1 _aDowning John
_9599
700 1 _aMohammadi-Srebernt Annabelle
_9600
700 1 _aMohammandi Ali
_9601
942 _cBK
999 _c447
_d447